| 000 | 01350cam a2200313 a 4500 | ||
|---|---|---|---|
| 999 |
_c233760 _d233760 |
||
| 001 | 15466349 | ||
| 003 | Nust | ||
| 005 | 20170311131201.0 | ||
| 008 | 080926s2008 nyu d 000 1 eng | ||
| 010 | _a 2008039763 | ||
| 020 | _a9781595141972 | ||
| 040 |
_aDLC _cDLC _dDLC |
||
| 042 | _alcac | ||
| 050 | 0 | 0 |
_aPZ7.M478897 _bShc 2008 |
| 082 | 0 | 0 |
_a823 _bMEA |
| 100 | 1 | _aMead, Richelle. | |
| 245 | 1 | 0 |
_aShadow kiss / _cRichelle Mead. |
| 260 |
_aNew York : _bRazorbill, _c2008. |
||
| 300 |
_a444 p. ; _c21 cm. |
||
| 490 | 0 | _aVampire Academy | |
| 520 | _aWhile Rose is coping with the darker effects of being shadow-kissed, her relationship with Dimitri is finally taking off, and when he disappears during a Strigoi attack on St. Vladimir's Academy, she must make a terrible choice. | ||
| 650 | 1 |
_aVampires _vFiction. |
|
| 650 | 1 |
_aHigh schools _vFiction. |
|
| 650 | 1 |
_aSchools _vFiction. |
|
| 650 | 1 |
_aMagic _vFiction. |
|
| 650 | 1 |
_aSocial classes _vFiction. |
|
| 856 | 4 | 2 |
_3Publisher description _uhttp://www.loc.gov/catdir/enhancements/fy0906/2008039763-d.html |
| 906 |
_a7 _bcbc _corignew _d1 _eecip _f20 _gy-gencatlg |
||
| 942 |
_2ddc _cBK |
||